Statistiques concernant Pokémon de 50,0 à 69,9 kg

Cliquez ici pour prendre le quiz!

Statistiques générales

  • Ce quiz a été pris 3 fois
  • Le résultat moyen est 7 sur 79

Statistiques - réponses

Poids (en kg) Pokémon % Correct
52,0Braségali
67%
65,0Arbok
67%
52,0Méga-Braségali
67%
50,2Tygnon
67%
52,6Électhor
33%
60,0Sulfura
33%
55,8Cochignon
33%
55,4Artikodin
33%
55,5Judokrak
33%
63,0Majaspic
33%
57,0Dinoclier
33%
59,6Tengalice
33%
52,0Grotadmorv d'Alola
33%
50,5Airmure
33%
50,5Méga-Roucarnage
33%
66,6Électrode
33%
51,0Karaclée
33%
51,5Yanmega
33%
60,4Vacilys
0%
60,0Nidoqueen
0%
60,5Archéomire
0%
60,5Mushana
0%
60,0Latios
0%
59,0Méga-Scarabrute
0%
60,0Magnéton
0%
60,8Deoxys
0%
59,0Ptéra
0%
60,0Galekid
0%
60,0Krabboss
0%
62,0Crapustule
0%
65,5Excelangue
0%
65,0Babimanta
0%
64,8Scorplane
0%
66,6Triopikeur d'Alola
0%
68,0Maganon
0%
68,2Armaldo
0%
68,0Démétéros
0%
63,0Boréas
0%
62,5Méga-Scarhino
0%
61,5Pharamp
0%
61,0Fulguris
0%
61,5Méga-Pharamp
0%
61,5Drascore
0%
58,5Scobolide
0%
62,0Nidoking
0%
61,0Mastouffe
0%
56,4Méga-Gallame
0%
54,0Tartard
0%
53,0Exagide
0%
52,5Coquiperl
0%
54,0Scarhino
0%
54,0Lucario
0%
55,0Sablaireau d'Alola
0%
54,5M. Mime
0%
52,5Séviper
0%
52,2Jungko
0%
50,5Darkrai
0%
50,5Blizzi
0%
51,0Clic
0%
51,3Cacnea
0%
52,0Gallame
0%
52,0Méga-Latias
0%
55,0Nosferalto
0%
55,0Tentacruel
0%
50,0Diamat
0%
56,0Carmache
0%
56,5Kadabra
0%
57,5Méga-Lucario
0%
58,0Queulorior
0%
57,5Sorbouboul
0%
56,0Insécateur
0%
55,5Zéroïd
0%
55,0Volcaropod
0%
55,0Scarabrute
0%
55,0Ludicolo
0%
55,0Simiabraz
0%
55,5Grotichon
0%
55,2Méga-Jungko
0%
58,0Aflamanoir
0%

Distribution des résultats

Percentile by Number Answered

% des personnes avec chaque résultat

Votre développement - résultats

Vous n’avez pas pris ce quiz